000 00562cam a22001811a 4500
001 000009220
005 20200929161525.0
008 750115s1941 cl 000 1 spa
040 _aDO-SdBNP
_bspa
_cBNPHU
100 1 _aAlegría, Ciro,
_d1909-1967.
_915510
245 1 3 _aEl mundo es ancho y ajeno :
_bnovela /
_cCiro Alegría,.
250 _a2a ed.
260 _aSantiago, Chile :
_bErcilla,
_c1941.
300 _a509 p. ;
_c22 cm.
490 0 1 _aCóndor
500 _a"Primer premio en el concurso de novelas latinoamericanas de 1941."
830 0 _aCóndor
_923910
999 _c8983
_d8983